|
|
|
|
| LEADER |
01543nam a2200373 a 4500 |
| 001 |
11467834 |
| 008 |
130113s2008 dcu 000 0 eng d |
| 010 |
|
|
|a 96644717
|
| 020 |
|
|
|a 9780875531892
|
| 020 |
|
|
|a 9780875531908
|
| 022 |
0 |
|
|a 1090-4905
|
| 040 |
|
|
|a TU-M
|c TU-M
|d NSDP
|d InU
|d DLC
|d NSDP
|d DLC
|d NSDP
|d MdU
|d NLGGC
|d OCoLC
|d BD-DhAAL
|
| 082 |
1 |
0 |
|a 614
|2 12
|
| 210 |
0 |
|
|a Contr. commun. dis. man.
|
| 222 |
|
0 |
|a Control of communicable diseases manual
|
| 245 |
0 |
0 |
|a Control of communicable diseases manual /
|c David L. Heyman, MD, Editor
|
| 250 |
|
|
|a 19th ed.
|
| 260 |
|
|
|a Washington, DC :
|b American Public Health Association,
|c c2008
|
| 300 |
|
|
|a xxvi. 746 p. ;
|c 18 cm.
|
| 310 |
|
|
|a Quinquennial
|
| 362 |
0 |
|
|a 19th ed. (2008)-
|
| 500 |
|
|
|a an official report of the American Public Health Association
|
| 500 |
|
|
|a Includes index.
|
| 541 |
1 |
|
|e 00026507
|
| 590 |
|
|
|a SERBIB/SERLOC merged record
|
| 650 |
|
0 |
|a Communicable diseases
|x Prevention
|v Periodicals.
|
| 650 |
1 |
7 |
|a Infectieziekten.
|2 gtt
|
| 700 |
1 |
|
|a Heyman, David L.
|
| 710 |
2 |
|
|a American Public Health Association.
|
| 776 |
1 |
|
|t Control of communicable diseases manual
|x 1084-9645
|w (DLC)sn 95006281
|w (OCoLC)33234639
|
| 780 |
0 |
0 |
|t Control of communicable diseases in man
|x 8755-4046
|w (DLC) 86640387
|w (OCoLC)11284411
|
| 852 |
1 |
|
|a Ayesha Abed Library
|j General Shelf.
|
| 999 |
|
|
|c 13109
|d 13109
|
| 952 |
|
|
|0 0
|1 0
|2 ddc
|4 0
|6 614_000000000000000_CON
|7 0
|9 21823
|a BRACUL
|b JPGSPH
|c GEN
|d 2013-01-21
|e Trim Education
|g 4175.00
|l 0
|o 614 CON
|p 3060026507
|r 2013-01-21
|t 1
|w 2013-01-21
|y BK
|